000 00964nam a22002897a 4500
003 OSt
005 20250416093257.0
008 210211b1983 sp ||||er|||| 00| f spa d
020 _a8422616602
040 _aCO-JMCR
_cCO-JMCR
041 1 _aspa
_heng
082 0 4 _aA-N
_bMICe
_223
100 1 _aMichener, James Albert,
_eautor
_913303
245 1 0 _aEspacio /
_cJames A. Michener ; traducción, Adolfo Martín
250 _aEdición no abreviada
260 _aBarcelona :
_bCírculo de Lectores,
_c1983
300 _a492 páginas ;
_c22 cm.
500 _aTítulo original: Space
546 _aTraducido del inglés.
650 1 4 _2Novela estadounidense
_ySiglo XX
_911558
650 2 4 _aLiteratura estadounidense
_913304
650 2 4 _aEspacio en la literatura
_913305
650 2 4 _aViajes espaciales en la literatura
_2
_913306
650 2 4 _aAstronautas en la literatura
_913307
700 1 _aMartín, Adolfo,
_etraductor
_92906
942 _2ddc
_cBK
999 _c7155
_d7155